Leaders of the World in 1940 By Picture - Statistics

General Stats
  • This quiz has been taken 88 times
  • The average score is 7 of 16
Answer Stats
Picture Answer % Correct
Adolf Hitler
97%
Benito Mussolini
97%
Joseph Stalin
88%
Winston Churchill
88%
Hirohito
86%
Francisco Franco
71%
Franklin Roosevelt
71%
Neville Chamberlain
49%
Philippe Pétain
44%
Ibn Saud
15%
Getúlio Vargas
8%
Lázaro Cárdenas
5%
Albert Lebrun
3%
Lin Sen
3%
Peter II
2%
Władysław Raczkiewicz
2%
No matching quizzes found
Score Distribution
Percent of People with Each Score
Percentile by Number Answered
Your Score History
You have not taken this quiz